Lịch sử phát triển văn hoá văn minh nhân loại : Văn minh phương Tây = Civilazation in the West / Crane Brinton, John B. Christopher, Robert Lee Wolff ; Nguyễn Văn Lương dịch.

Αποθηκεύτηκε σε:
Λεπτομέρειες βιβλιογραφικής εγγραφής
Μορφή: Βιβλίο
Έκδοση: Văn hoá thông tin 1998
Ετικέτες: Προσθήκη ετικέτας
Δεν υπάρχουν, Καταχωρήστε ετικέτα πρώτοι!
Thư viện lưu trữ: Mạng thư viện Đại học Đà Nẵng
LEADER 00629nam a22001811a 4500
001 000035771
003 12063
005 20160318111218.0
008 160318s1998 000
082 |a 940  |b BR-C 
245 |a Lịch sử phát triển văn hoá văn minh nhân loại : Văn minh phương Tây = Civilazation in the West / Crane Brinton, John B. Christopher, Robert Lee Wolff ; Nguyễn Văn Lương dịch.  |c Brinton, Crane 
260 |a Văn hoá thông tin  |c 1998 
OWN |a LNN 
999 |a From the UDN01 
TYP |a Monograph 
980 |a Mạng thư viện Đại học Đà Nẵng